[Event "AUTO-OPEN-2996"]
[Site "http://www.queenalice.com/game.php?id=1183670"]
[Date "2013.5.22"]
[Round "1"]
[White "maurice91"]
[Black "lebowsky"]
[Result "0-1"]
[WhiteElo "1686"]
[BlackElo "1259"]

1. d4 Nf6 2. c4 d5 3. Nf3 dxc4 4. Nc3 Bf5 5. e3 Nc6 6. Bxc4 e6 7. Bb5 Bb4 8.
Bxc6+ bxc6 9. O-O Bxc3 10. bxc3 O-O 11. Nh4 Re8 12. Nxf5 exf5 13. a4 Ne4 14. Bb2
Rb8 15. Rb1 Qg5 16. Qe2 Re6 17. f4 Qg4 18. Qa6 Rg6 0-1

[Event "AUTO-OPEN-2996"]
[Site "http://www.queenalice.com/game.php?id=1183672"]
[Date "2013.5.22"]
[Round "1"]
[White "lebowsky"]
[Black "hamurobi"]
[Result "0-1"]
[WhiteElo "1282"]
[BlackElo "1716"]

1. e4 g6 2. d4 Bg7 3. Nf3 d6 4. h3 Nf6 5. Bc4 O-O 6. Bg5 Nxe4 7. Qe2 Nxg5 8.
Nxg5 e6 9. Qg4 d5 10. Bd3 e5 11. Qg3 e4 12. Be2 Bxd4 13. Na3 Bxb2 14. Rd1 Bxa3
15. Qxa3 Qxg5 16. O-O Nc6 17. Qg3 Qxg3 18. fxg3 Be6 19. a3 f5 20. h4 Ne5 21. c3
a6 22. a4 h5 0-1

[Event "AUTO-OPEN-2996"]
[Site "http://www.queenalice.com/game.php?id=1183674"]
[Date "2013.5.22"]
[Round "1"]
[White "hamurobi"]
[Black "lebowsky"]
[Result "1-0"]
[WhiteElo "1714"]
[BlackElo "1282"]

1. e4 e5 2. Nf3 Nc6 3. Bc4 Nf6 4. c3 Nxe4 5. d3 Nc5 6. O-O d5 7. Bb3 Bf5 8. Bc2
e4 9. dxe4 Bxe4 10. Re1 Bd6 11. b4 Ne6 12. Bxe4 dxe4 13. Nd4 Ncxd4 14. cxd4 Qh4
15. g3 Qh3 16. d5 Nf8 17. Rxe4+ Kd8 18. a3 g5 19. Bxg5+ Kc8 20. Re8+ 1-0

[Event "AUTO-OPEN-2996"]
[Site "http://www.queenalice.com/game.php?id=1183675"]
[Date "2013.5.22"]
[Round "1"]
[White "lebowsky"]
[Black "goldenboy"]
[Result "0-1"]
[WhiteElo "1330"]
[BlackElo "1924"]

1. e4 e5 2. Nf3 Nc6 3. Nc3 Bc5 4. Bb5 d6 5. h3 Ne7 6. Nd5 O-O 7. Nxe7+ Nxe7 8.
O-O f5 9. Bc4+ Kh8 10. d4 exd4 11. e5 d5 0-1

[Event "AUTO-OPEN-2996"]
[Site "http://www.queenalice.com/game.php?id=1183678"]
[Date "2013.5.22"]
[Round "1"]
[White "goldenboy"]
[Black "lebowsky"]
[Result "1-0"]
[WhiteElo "1926"]
[BlackElo "1330"]

1. e4 e5 2. f4 exf4 3. Nf3 Nf6 4. Nc3 Bc5 5. d4 Bb4 6. e5 Bxc3+ 7. bxc3 Ne4 8.
Qd3 Ng5 9. Bxf4 Nxf3+ 10. Qxf3 O-O 11. Bc4 1-0

[Event "Challenge"]
[Site "http://www.queenalice.com/game.php?id=1183742"]
[Date "2013.5.22"]
[Round "-"]
[White "lebowsky"]
[Black "galway75"]
[Result "0-1"]
[WhiteElo "1303"]
[BlackElo "2235"]

1. e4 e6 2. d4 d5 3. Nc3 Bb4 4. e5 Ne7 5. Nf3 c5 6. Bb5+ Bd7 7. Bxd7+ Nxd7 8.
O-O cxd4 9. Qxd4 Bxc3 10. Qxc3 O-O 11. Bg5 h6 12. Bxe7 Qxe7 13. Rad1 Rac8 14.
Qd4 Rxc2 15. Qxa7 Rxb2 16. a4 Qc5 17. Qxc5 Nxc5 18. Ra1 Ra8 19. a5 Rb5 20. Rfc1
Nd3 21. Rcb1 Rxb1+ 22. Rxb1 Rxa5 23. h3 b5 24. Nd4 b4 25. Kf1 Ra2 26. Nc6 b3 27.
Rxb3 Ra1+ 28. Ke2 Nc1+ 29. Kf3 Nxb3 30. g4 Rc1 31. Nb4 Rc3+ 32. Ke2 Rxh3 0-1

[Event "AUTO-BEG-584"]
[Site "http://www.queenalice.com/game.php?id=1184247"]
[Date "2013.5.24"]
[Round "1"]
[White "Severynnas"]
[Black "lebowsky"]
[Result "0-1"]
[WhiteElo "1287"]
[BlackElo "1312"]

1. d4 Nf6 2. Nf3 d6 3. Nc3 Nc6 4. b3 Bf5 5. Be3 e5 6. dxe5 Ne4 7. Nxe4 Bxe4 8.
Nd2 d5 9. Rg1 Nb4 10. Rc1 Nxa2 11. Ra1 Nc3 12. Qc1 Bb4 13. Qb2 d4 14. Nc4 Na4+
15. Kd1 Nxb2+ 16. Nxb2 dxe3+ 17. Kc1 exf2 18. Rh1 Qd2+ 0-1

[Event "AUTO-BEG-584"]
[Site "http://www.queenalice.com/game.php?id=1184248"]
[Date "2013.5.24"]
[Round "1"]
[White "lebowsky"]
[Black "Severynnas"]
[Result "0-1"]
[WhiteElo "1263"]
[BlackElo "1330"]

1. e4 c5 2. Nf3 Nf6 3. Nc3 d6 4. h3 e5 5. Bb5+ Nc6 6. d3 Be7 7. Nd5 Nxd5 8. exd5
Bd7 9. dxc6 bxc6 10. Ba4 Qa5+ 11. c3 O-O 12. O-O Rab8 13. Rb1 f5 14. a3 e4 15.
dxe4 fxe4 16. Ng5 h6 17. Nxe4 d5 18. b4 Qa6 19. Bf4 g5 20. Bxb8 Rxb8 21. bxc5
Bf5 0-1

[Event "AUTO-BEG-584"]
[Site "http://www.queenalice.com/game.php?id=1184267"]
[Date "2013.5.24"]
[Round "1"]
[White "lebowsky"]
[Black "bombeiro"]
[Result "0-1"]
[WhiteElo "1290"]
[BlackElo "1524"]

1. e4 e5 2. Nf3 Bd6 3. d4 Nf6 4. dxe5 Bxe5 5. Nxe5 Nxe4 6. Nxf7 Kxf7 7. Qd5+ Kf6
8. Qxe4 Qe8 9. Qxe8 Rxe8+ 10. Be3 d5 11. Be2 Bf5 12. Nc3 c6 13. O-O-O Nd7 14. g4
Be4 15. Nxe4+ Rxe4 16. g5+ Ke6 17. Bd3 Ra4 18. a3 Ne5 19. f4 Nf3 20. f5+ Ke5 21.
Rhf1 Nxh2 22. Rh1 Rh4 0-1

[Event "AUTO-BEG-584"]
[Site "http://www.queenalice.com/game.php?id=1184268"]
[Date "2013.5.24"]
[Round "1"]
[White "bombeiro"]
[Black "lebowsky"]
[Result "1-0"]
[WhiteElo "1517"]
[BlackElo "1298"]

1. e4 e5 2. Nf3 Nc6 3. d3 h6 4. Be2 Nf6 5. O-O Bc5 6. Nc3 O-O 7. a3 d6 8. b4 Bd4
9. Nxd4 Nxd4 10. Be3 b6 11. Bxd4 exd4 12. Nb5 c5 13. c3 dxc3 14. Nxc3 cxb4 15.
axb4 Re8 16. Nb5 d5 17. Qc2 dxe4 18. Nc7 Bb7 19. Nxa8 Bxa8 20. dxe4 Bxe4 21. Qd1
Qe7 22. Bb5 Rd8 23. Qe1 Qb7 24. f3 1-0

[Event "AUTO-INT-2663"]
[Site "http://www.queenalice.com/game.php?id=1193057"]
[Date "2013.6.21"]
[Round "1"]
[White "ludimad"]
[Black "lebowsky"]
[Result "0-1"]
[WhiteElo "1558"]
[BlackElo "1259"]

1. Nf3 Nc6 2. d4 e6 3. e4 Nf6 4. d5 Nb4 5. Nc3 c6 6. dxe6 fxe6 7. Qd4 Nxc2+ 8.
Kd1 Nxd4 9. Nxd4 e5 10. Nf3 d5 11. exd5 Nxd5 12. Ne4 Ne3+ 13. Ke1 Qd1# 0-1

[Event "AUTO-INT-2663"]
[Site "http://www.queenalice.com/game.php?id=1193058"]
[Date "2013.6.21"]
[Round "1"]
[White "lebowsky"]
[Black "ludimad"]
[Result "0-1"]
[WhiteElo "1303"]
[BlackElo "1600"]

1. e4 g6 2. d4 Bg7 3. Nf3 Nc6 4. e5 d5 5. Bb5 Bd7 6. Nc3 e6 7. O-O Nge7 8. Bg5
h6 9. Bxe7 Qxe7 10. Qe2 O-O-O 11. Rad1 a6 12. Bxc6 Bxc6 13. Rfe1 f5 14. exf6
Qxf6 15. Qxe6+ Qxe6 16. Rxe6 Bd7 17. Rxg6 Bf8 18. Nxd5 h5 19. Ne5 Bf5 20. Nf7
Bxg6 21. Nxh8 Bxc2 22. Rc1 Rxd5 23. Rxc2 Rxd4 24. g3 h4 25. Ng6 Bd6 26. Nxh4 b5
27. Nf5 Rd5 28. Nxd6+ Rxd6 0-1

[Event "AUTO-INT-2663"]
[Site "http://www.queenalice.com/game.php?id=1193069"]
[Date "2013.6.21"]
[Round "1"]
[White "lebowsky"]
[Black "sioux"]
[Result "0-1"]
[WhiteElo "1339"]
[BlackElo "1597"]

1. e4 e5 2. Nf3 Nc6 3. Bc4 h6 4. Nc3 Nf6 5. a3 Bc5 6. O-O O-O 7. b4 Be7 8. Bb2
a6 9. a4 Nxb4 10. Nxe5 d6 11. Nd3 Nxd3 12. Bxd3 Bg4 13. f3 Bd7 14. Nd5 Bc6 15.
Nxf6+ Bxf6 16. Bxf6 Qxf6 17. f4 Bd7 0-1

[Event "AUTO-INT-2663"]
[Site "http://www.queenalice.com/game.php?id=1193070"]
[Date "2013.6.21"]
[Round "1"]
[White "sioux"]
[Black "lebowsky"]
[Result "1-0"]
[WhiteElo "1613"]
[BlackElo "1250"]

1. e4 e5 2. Qh5 Nc6 3. Bb5 Nf6 4. Qf3 Nd4 5. Qd3 a6 6. Bc4 Bc5 7. h3 O-O 8. Nf3
Nxf3+ 9. Qxf3 b5 10. Bb3 Bb7 11. d3 a5 12. a3 d5 13. exd5 Bxd5 14. Bxd5 Nxd5 15.
O-O b4 16. axb4 Nxb4 17. Na3 h6 18. c3 Nxd3 19. Rd1 e4 20. Qxe4 Nxf2 21. Rxd8
1-0

[Event "AUTO-INT-2671"]
[Site "http://www.queenalice.com/game.php?id=1196111"]
[Date "2013.7.1"]
[Round "1"]
[White "tche_elvio"]
[Black "lebowsky"]
[Result "1-0"]
[WhiteElo "1484"]
[BlackElo "1282"]

1. d4 Nf6 2. c4 d5 3. Nc3 dxc4 4. e3 Be6 5. g3 Nc6 6. Bg2 Qd7 7. d5 Bg4 8. Nf3
Nb4 9. O-O O-O-O 10. h3 Bxh3 11. Bxh3 Qxh3 12. Ne5 Qh5 13. Qxh5 Nxh5 14. Nxf7
1-0

[Event "AUTO-INT-2671"]
[Site "http://www.queenalice.com/game.php?id=1196112"]
[Date "2013.7.1"]
[Round "1"]
[White "lebowsky"]
[Black "tche_elvio"]
[Result "0-1"]
[WhiteElo "1274"]
[BlackElo "1492"]

1. e4 b6 2. d4 Bb7 3. Nc3 e6 4. a3 Ne7 5. Bd3 Nbc6 6. Nf3 d5 7. e5 g6 8. Bg5 Bg7
9. Bb5 O-O 10. Bxc6 Bxc6 11. O-O Bd7 12. h3 c5 13. Re1 Re8 0-1

[Event "AUTO-INT-2671"]
[Site "http://www.queenalice.com/game.php?id=1196133"]
[Date "2013.7.1"]
[Round "1"]
[White "jamba"]
[Black "lebowsky"]
[Result "1-0"]
[WhiteElo "1478"]
[BlackElo "1315"]

1. d4 Nf6 2. e3 d5 3. Bd3 Nc6 4. a3 e5 5. dxe5 Nxe5 6. Bb5+ c6 7. Ba4 b5 8. Bb3
Bc5 9. f4 Neg4 10. Nf3 Bxe3 11. Nc3 Bf2+ 12. Kf1 Ba6 13. h3 1-0

[Event "AUTO-INT-2671"]
[Site "http://www.queenalice.com/game.php?id=1196134"]
[Date "2013.7.1"]
[Round "1"]
[White "lebowsky"]
[Black "jamba"]
[Result "0-1"]
[WhiteElo "1330"]
[BlackElo "1468"]

1. e4 c5 2. Bc4 d6 3. h3 Nc6 4. Nf3 Nf6 5. Nc3 g6 6. d4 cxd4 7. Nxd4 Bg7 8. Be3
e5 9. Nxc6 bxc6 10. O-O O-O 11. Bg5 Bb7 12. Qd2 h6 0-1